Natural rubber production: Prospects on a long term basis (Record no. 51174)

MARC details
000 -LEADER
fixed length control field 00386nam a2200145Ia 4500
100 ## - MAIN ENTRY--AUTHOR NAME
Personal name Menon P.M.
245 #0 - TITLE STATEMENT
Title Natural rubber production: Prospects on a long term basis
260 ## - PUBLICATION, DISTRIBUTION, ETC. (IMPRINT)
Name of publisher Rubber Board Bulletin
Year of publication 1990
300 ## - PHYSICAL DESCRIPTION
Number of Pages 15-Jul
650 ## - SUBJECT ADDED ENTRY--TOPICAL TERM
Topical Term Natural rubber
650 ## - SUBJECT ADDED ENTRY--TOPICAL TERM
Topical Term Rubber production
700 ## - ADDED ENTRY--PERSONAL NAME
Personal name Unni R.G.
942 ## - ADDED ENTRY ELEMENTS (KOHA)
Koha item type Bibliography STAF
Holdings
Withdrawn status Lost status Damaged status Not for loan Home library Current library Shelving location Date acquired Serial Enumeration / chronology Koha item type
      Bibliography RRII Library RRII Library Rubber general 09/04/2014 Volume 25, Issue 4 Bibliography STAF